000 00632nam a22001455i 4500
001 173885
003 ES-MaACL
005 20230906215400.0
008 100128s1839 sp |||| | spa d
245 0 0 _aRita la española
_b: drama en cuatro actos /
_ctraducido del francés por Geronimo de la Escosura.
260 _aMadrid :
_b[s.n.],
_c1839 (
_fImp. de I. Boix)
300 _a80 p. ;
_c17 cm.
700 1 _aEscosura, Geronimo de la.
_9126954
852 _aES-MaACL
_jF-8625(1)
_z.- Enc. pasta española
_q.- Falto de la cub. original
_z.- Enc. en un vol. facticio formando parte de la col. facticia "Teatro español moderno", vol. 80
999 _c173885
_d173885